Fire down below (Record no. 70546)
[ view plain ]
| 000 -LEADER | |
|---|---|
| fixed length control field | 01048cam a2200241 4500 |
| 001 - CONTROL NUMBER | |
| control field | ABS65606 |
| 008 - FIXED-LENGTH DATA ELEMENTS--GENERAL INFORMATION | |
| fixed length control field | 020621n2002 000 0 eng u |
| 035 ## - SYSTEM CONTROL NUMBER | |
| System control number | (Sirsi) u118496 |
| 100 ## - MAIN ENTRY--PERSONAL NAME | |
| Personal name | Pearce, F. |
| 245 ## - TITLE STATEMENT | |
| Title | Fire down below |
| 260 ## - PUBLICATION, DISTRIBUTION, ETC. | |
| Date of publication, distribution, etc. | 2002 |
| 490 ## - SERIES STATEMENT | |
| Series statement | New Scientist |
| Volume/sequential designation | 174(2345) 1 June 2002, 42-5(4) |
| 520 ## - SUMMARY, ETC. | |
| Summary, etc. | Discusses how engineers are working on finding a way to exploit underground coal seams to convert into energy. The solution to what is being offered as a 'clean' technique is Underground coal gasification (UCG) which removes the need for coal mines as the coal is burnt at source - engineers hope the resulting vapours can be siphoned off as fuel for gas turbines at the surface. Article questions whether coal will be the fuel for the future or create an environmental disaster. |
| 590 ## - LOCAL NOTE (RLIN) | |
| Local note | ABS |
| 650 ## - SUBJECT ADDED ENTRY--TOPICAL TERM | |
| Topical term or geographic name entry element | COAL RESERVES |
| 650 ## - SUBJECT ADDED ENTRY--TOPICAL TERM | |
| Topical term or geographic name entry element | COAL MINING |
| 650 ## - SUBJECT ADDED ENTRY--TOPICAL TERM | |
| Topical term or geographic name entry element | ENGINEERS |
| 650 ## - SUBJECT ADDED ENTRY--TOPICAL TERM | |
| Topical term or geographic name entry element | FUEL |
| 650 ## - SUBJECT ADDED ENTRY--TOPICAL TERM | |
| Topical term or geographic name entry element | UNDERGROUND COAL GASIFICATION |
| 650 ## - SUBJECT ADDED ENTRY--TOPICAL TERM | |
| Topical term or geographic name entry element | GLOBAL WARMING |
| 650 ## - SUBJECT ADDED ENTRY--TOPICAL TERM | |
| Topical term or geographic name entry element | ENERGY |
| 9 (RLIN) | 6237 |
| 942 ## - ADDED ENTRY ELEMENTS (KOHA) | |
| Suppress in OPAC | 0 |
| Withdrawn status | Lost status | Source of classification or shelving scheme | Damaged status | Not for loan | Home library | Current library | Shelving location | Date acquired | Total Checkouts | Full call number | Barcode | Date last seen | Copy number | Price effective from | Koha item type |
|---|---|---|---|---|---|---|---|---|---|---|---|---|---|---|---|
| Dewey Decimal Classification | London | London | Journal article | 21/06/2002 | ABS65606 | 118496-1001 | 06/08/2019 | 1 | 06/08/2019 | Journal article |